Wszystkie icony w fifie 22 - Statystyki

Ogólne statystyki
  • Ten quiz został rozwiązany 107 razy
  • Średni wynik to 34 z 105
Statystyki odpowiedzi
Kraj Odpowiedz % Poprawnych
Argentyna Maradona
92%
Brazylia Pele
92%
Brazylia Ronaldo
85%
Francja Zidane
80%
Węgry Puskas
76%
Portugalia Eusebio
69%
Rosja Yashin
69%
Włochy Maldini
68%
Brazylia Ronaldinho
68%
Brazylia Carlos
67%
Holandia Gullit
60%
Brazylia Cafu
52%
Brazylia Garrincha
52%
Wybrzeże Kości Słoniowej Drogba
51%
Irlandia Północna Best
48%
Włochy Cannavaro
48%
Holandia Van Basten
48%
Włochy Baresi
47%
Holandia Cruyff
47%
Brazylia Rivaldo
44%
Holandia Van Der Sar
43%
Niemcy Matthaus
43%
Walia Rush
43%
kamerun Eto
41%
Włochy Pirlo
41%
Niemcy Lahm
40%
Portugalia Figo
40%
Francja Henry
40%
Brazylia Kaka
40%
Japonia Nakata
40%
Włochy Del Piero
39%
Rumunia Hagi
39%
Dania Laudrup
37%
Anglia Rooney
37%
Czechy Cech
36%
Hiszpania Hernandez
35%
Brazylia Socrates
35%
Meksyk Sanchez
33%
Brazylia | Hiszpania Torres
33%
Walia Giggs
32%
Włochy Inzaghi
32%
Szwecja Larsson
32%
Włochy Nesta
32%
Włochy Gattuso
31%
Dania Schmeichel
31%
Włochy Zambrotta
31%
Bułgaria Dalglish
29%
Ghana Essien
29%
Nigeria Okocha
29%
Hiszpania Puyol
29%
Serbia Vidic
29%
Włochy Vieri
29%
Niemcy Ballack
28%
Portugalia Costa
28%
Anglia Lampard
28%
Czechy Nedved
28%
Włochy Zola
28%
Anglia Beckham
27%
Anglia Ferdinand
27%
Niemcy Klose
27%
Anglia Moore
27%
Anglia Cole
25%
Anglia Lineker
25%
Francja Makelele
25%
Argentyna Zanetti
25%
Włochy Baggio
24%
Francja Desailly
24%
Hiszpania Guardiola
24%
Irlandia Keane
24%
Holandia Koeman
24%
Anglia Owen
24%
Chorwacja Suker
24%
Holandia Van Persie
24%
Argentyna Veron
24%
Francja Vieira
24%
Francja Trezeguet
23%
Francja Cantona
21%
Hiszpania Casillas
20%
Argentyna Crespo
20%
Francja Petit
20%
Holandia Bergkamp
19%
Francja Blanc
19%
Anglia Gerrard
19%
Anglia Shearer
19%
Ukraina Shevchenko
19%
Anglia Riquelme
17%
Anglia Scholes
17%
szkocja Stoichkov
16%
Anglia Cambell
15%
Niemcy Schweinsteiger
15%
Holandia Seedorf
15%
Holandia Van Nistelrooy
15%
Francja Pires
13%
Holandia Rijkaard
13%
Holandia Overmars
12%
Anglia Barnes
11%
Szwecja Litmanen
9%
Anglia Wright
9%
Hloandia Kluivert
3%
Meksyk Hernander
1%
Hiszpania Blanco
0%
Hiszpania Butraqueno
0%
Hiszpania Ruiz
0%
Portugalia Souza
0%
Nie znaleziono quizów pasujących do podanych kryteriów
Rozkład punktacji
Procent ludzi z każdym wynikiem
Percentyl według liczby udzielonych odpowiedzi
Twoja historia wyników
Nie rozwiązałeś tego quizu